Guess the Taylor Swift song no hints #52 - Statistics

General Stats
  • This quiz has been taken 40 times
  • The average score is 298 of 448
Answer Stats
Answer % Correct
a
100%
I
100%
me
100%
the
100%
my
96%
you
96%
You
96%
be
93%
if
93%
If
93%
it
93%
to
93%
and
89%
And
89%
I'm
89%
in
89%
on
89%
your
89%
Is
86%
we
86%
When
86%
when
86%
it's
82%
like
82%
of
82%
this
82%
too
82%
was
82%
you're
82%
But
79%
ever
79%
Ever
79%
that
79%
for
75%
then
75%
all
71%
by
71%
not
71%
Not
71%
now
71%
Now
71%
now?
71%
were
71%
would
71%
at
68%
I've
68%
just
68%
know
68%
what
68%
back
64%
been
64%
here
64%
see
64%
them
64%
Cause
61%
Come
61%
come
61%
could
61%
had
61%
how
61%
movie
61%
Oh
61%
oh
61%
our
61%
out
61%
there
61%
time
61%
whoa
61%
you'd
61%
You'd
61%
about
57%
said
57%
want
57%
knew
54%
say
54%
Even
50%
you've
50%
night
46%
these
46%
up
46%
nothing
43%
came
39%
down
39%
gone
39%
heart
39%
much
39%
take
39%
things
39%
Thinking
39%
though
39%
til
39%
baby
36%
Baby
36%
before
36%
Before
36%
Last
36%
wanna
36%
we've
36%
front
32%
Stand
32%
still
32%
thought
32%
Thought
32%
way
32%
door
29%
everything
29%
friends
29%
going
29%
gonna
29%
bout
25%
happen
25%
happened
25%
Maybe
25%
own
25%
remember
25%
since
25%
sorry
25%
stood
25%
through
25%
arms
21%
beating
21%
ending
21%
ending?
21%
fight
21%
heard
21%
kind
21%
lately
21%
moving
21%
Nothing's
21%
outside
21%
rain
21%
somehow
21%
somewhere
21%
work
21%
change
18%
easy
18%
Flashback
18%
footsteps
18%
laughing
18%
locked
18%
lose
18%
memories
18%
months
18%
people
18%
playing
18%
reaching
18%
Six
18%
Sounded
18%
stairs
18%
street
18%
thousand
18%
waiting
18%
chasing
14%
hall
14%
pacing
14%
Wrapped
14%
No matching quizzes found
Score Distribution
Percent of People with Each Score
Percentile by Number Answered
Your Score History
You have not taken this quiz